| 000 | 00946nam a2200277 a 4500 | ||
|---|---|---|---|
| 003 | MX-MxUPN | ||
| 005 | 20240903130317.0 | ||
| 008 | 991125s1888 sp er 001 0 spa d | ||
| 035 | _aUPN01000013217 | ||
| 040 |
_aMX-MxUPN _bspa _cMX-MxUPN |
||
| 041 | _aspa | ||
| 050 | 4 |
_aLC1025 _bA9.2 1888 |
|
| 100 | 1 |
_aAvendaño, Joaquín de, _d1812-1866 _930141 |
|
| 100 | 1 |
_aCarderera, Mariano, _d1816-1893 _933621 |
|
| 245 | 1 | 0 | _aCurso elemental de pedagogía |
| 250 | _aDécima edición | ||
| 260 |
_aMadrid : _bImprenta de la Viuda de Hernando y C, _c1888. |
||
| 300 | _a385 páginas, [3] hoja plegable | ||
| 504 | _aIncluye índice. | ||
| 650 | 4 |
_aEducación _xEstudio y enseñanza _91553 |
|
| 710 | 2 |
_951335 _aMuseo Pedagógico Nacional (México) _epropietario anterior |
|
| 710 | 2 |
_951340 _aBiblioteca Miguel de Cervantes Saavedra (México) _epropietario anterior |
|
| 902 | _bMaríaRobles/030924 | ||
| 905 | _aLibro | ||
| 942 |
_2lcc _n0 _cLIBRO |
||
| 999 |
_c13217 _d13217 |
||